书目信息 |
| 题名: |
英语日记表现词典
|
|
| 作者: | 河命玉 著 ;千太阳 译 | |
| 分册: | ||
| 出版信息: | 沈阳 辽宁教育出版社 2009 |
|
| 页数: | 535页 | |
| 开本: | 21cm | |
| 丛书名: | ||
| 单 册: | ||
| 中图分类: | H315-61 | |
| 科图分类: | ||
| 主题词: | 英语--日记--写作 , 英语 , 日记 , 写作 | |
| 电子资源: | ||
| ISBN: | 978-7-5382-8226-9 | |
| 000 | 00975nam0 2200289 45 | |
| 001 | 1050943109 | |
| 005 | 20100416094023.56 | |
| 010 | @a978-7-5382-8226-9@dCNY39.80 | |
| 100 | @a20100409d2009 em y0chiy50 ea | |
| 101 | 2 | @achi@aeng@ckor |
| 102 | @aCN@b210000 | |
| 105 | @ay z 000yy | |
| 106 | @ar | |
| 200 | 1 | @a英语日记表现词典@AYing Yu Ri Ji Biao Xian Ci Dian@dEnglish expressions for your diary@f(韩)河命玉著@F( Han ) He Ming Yu Zhu@g千太阳译@zeng |
| 210 | @a沈阳@c辽宁教育出版社@d2009 | |
| 215 | @a535页@d21cm | |
| 330 | @a本书包含了英语日记中各种情景的英语表达法,包括30种英语表达的句型,对于英语表达和英语写作都十分有用。 | |
| 510 | 1 | @aEnglish expressions for your diary@zeng |
| 606 | 0 | @a英语@x日记@x写作 |
| 606 | 0 | @a英语 |
| 606 | 0 | @a日记 |
| 606 | 0 | @a写作 |
| 690 | @aH315-61@v4 | |
| 701 | 0 | @a河命玉@AHe Ming Yu@4著 |
| 702 | 0 | @a千太阳@AQian Tai Yang@f(1976~)@4译 |
| 801 | 0 | @aCN@bTANGWEI@c20100416 |
| 905 | @b0592002-06@dH315-61@e596@f5 | |
| 英语日记表现词典=English expressions for your diary/(韩)河命玉著/千太阳译.-沈阳:辽宁教育出版社,2009 |
| 535页;21cm |
| ISBN 978-7-5382-8226-9:CNY39.80 |
| 本书包含了英语日记中各种情景的英语表达法,包括30种英语表达的句型,对于英语表达和英语写作都十分有用。 |
| ● |
| 相关链接 |
|
|
|
|
正题名:英语日记表现词典
索取号:H315-61/596
 
预约/预借
| 序号 | 登录号 | 条形码 | 馆藏地/架位号 | 状态 | 备注 |
| 1 | 0592002 | 205920020 | 第二样本阅览室/ [索取号:H315-61/596] | 在馆 | |
| 2 | 0592003 | 205920039 | 第四借阅区/ [索取号:H315-61/596] | 在馆 | |
| 3 | 0592004 | 205920048 | 第四借阅区/ [索取号:H315-61/596] | 在馆 | |
| 4 | 0592005 | 205920057 | 第四借阅区/ [索取号:H315-61/596] | 在馆 | |
| 5 | 0592006 | 205920066 | 第四借阅区/ [索取号:H315-61/596] | 在馆 |